| 000 | 00456nam a2200169Ia 4500 | ||
|---|---|---|---|
| 008 | 230917s9999||||xx |||||||||||||| ||und|| | ||
| 020 | _cRS495 | ||
| 040 |
_e245144 _aMAIN |
||
| 041 | _aEnglish | ||
| 082 | _a590 S85W | ||
| 100 | _aSaha, Goutam Kumar | ||
| 245 | 0 | _aWildlife biology: An Indian perspective | |
| 260 |
_aDelhi _bPHI Learning _c2017 |
||
| 300 | _axiii, 313 p. | ||
| 500 | _a3013 23/01/2018 RBP18/68858 05/02/2018 Main Budget | ||
| 942 | _cBK | ||
| 999 |
_c25564 _d25564 |
||